00370nam a2200145Ia 450000500170000000800410001704100120005808200150007010000130008524500320009825000080013026000430013850000080018165000350018920240823061730.0240823s9999||||xx |||||||||||||| ||und|| aENGLISH A343.052 Q8 aMurthy A 0aIncome tax law and Practice a6th c2018bVijay Nicole Imprints Private Li aYES aIncome TaxbManagement Studies